000 00889nam a2200253 a 4500
001 BRCA_5402
005 20190320205048.0
008 091210s1918----gw-a###f##---#001-0#ger-#
041 _ager
044 _agw
050 4 _aND813.Z9
_b.K4 1 1918
100 1 _aKehrer, Hugo
_913808
245 1 0 _aFrancisco de Zurbarán
_cvon Hugo Kehrer.
260 _aMúnich
_bHugo Schmidt
_c1918
300 _a168 p.
_bil., 87 láminas
_c25 cm.
500 _aIncluye índice de ilustraciones, índice alfabético, catálogo de pintores y obras maestras, una carta hecha por Luis de Zurbarán a Don Pedro Belqueta Rebolledo el dia 19 de diciembre de 1613 en Sevilla
500 _aEjemplar igual R16
500 _aE129
504 _aBibliografía p. 162-164
600 1 4 _aZurbarán, Francisco de
_d1598-1664
_vpintor
_913809
650 1 4 _aPintores españoles
_97620
902 _aGFM
942 _2lcc
_cB
999 _c5096
_d5096